[Event "FTX Crypto Cup 2022"]
[Site "Miami USA"]
[Date "2022.08.20"]
[Round "6.1"]
[White "Praggnanandhaa, R"]
[Black "Duda, Jan-Krzysztof"]
[Result "0-1"]
[WhiteTitle "GM"]
[BlackTitle "GM"]
[WhiteElo "2661"]
[BlackElo "2740"]
[WhiteFideId "25059530"]
[BlackFideId "1170546"]
[EventDate "2022.08.15"]

1. Nf3 d5 2. g3 Nc6 3. d4 Bf5 4. Bg2 e6 5. O-O Nb4 6. Na3 Be7 7. c3 Nc6 8. Qa4
Qd7 9. b4 Ne5 10. Qxd7+ Nxd7 11. Nb5 Kd8 12. Ne5 Bg6 13. Nxg6 hxg6 14. e4 c6 15.
Na3 dxe4 16. Bxe4 Ngf6 17. Bg2 Nd5 18. Bd2 a5 19. Nc4 axb4 20. cxb4 Bxb4 21.
Bxb4 Nxb4 22. Rab1 Ra4 23. Nd6 Ke7 24. Nxb7 Rb8 25. Nc5 Rxa2 26. Rfc1 Nxc5 27.
dxc5 Raa8 28. h4 Nd5 29. Rxb8 Rxb8 30. Ra1 Kd7 31. Bf1 Rb2 32. Ra5 Rc2 33. Bd3
Rc3 34. Be2 Ke7 35. Kg2 f5 36. Ba6 Nc7 37. Bb7 Kd7 38. Kg1 e5 39. Kg2 e4 40. Ba6
Ne6 41. Bf1 Ke7 42. Ra4 Kf6 43. Rb4 Nxc5 44. Rb8 Rc2 45. Kg1 Nd3 46. Rf8+ Ke7
47. Rg8 Kf7 0-1

[Event "FTX Crypto Cup 2022"]
[Site "Miami USA"]
[Date "2022.08.20"]
[Round "6.1"]
[White "Firouzja, Alireza"]
[Black "Carlsen, Magnus"]
[Result "1-0"]
[WhiteTitle "GM"]
[BlackTitle "GM"]
[WhiteElo "2778"]
[BlackElo "2864"]
[WhiteFideId "12573981"]
[BlackFideId "1503014"]
[EventDate "2022.08.15"]

1. e4 c6 2. Nf3 d5 3. Nc3 Qa5 4. Be2 dxe4 5. Nxe4 Bf5 6. Ng3 Bg6 7. O-O Nd7 8.
d4 e6 9. Nh4 Bd6 10. c4 Qd8 11. Nxg6 hxg6 12. d5 Qh4 13. h3 exd5 14. cxd5 c5 15.
a4 a5 16. Bb5 Nf6 17. Re1+ Kd8 18. Ra3 Re8 19. Rxe8+ Kxe8 20. Rc3 Kd8 21. Rc4
Qh8 22. Bg5 Nb6 23. Rh4 Qf8 24. Ne4 Kc8 25. Nxf6 gxf6 26. Bxf6 Kc7 27. Qd2 Qc8
28. Rh7 Qg8 29. Rh8 Qxh8 30. Bxh8 Rxh8 31. Qxa5 Rh4 32. Qe1 Nd7 33. g3 Rh8 34.
Qa5+ Nb6 35. Qc3 Rxh3 36. Qg7 1-0

[Event "FTX Crypto Cup 2022"]
[Site "Miami USA"]
[Date "2022.08.20"]
[Round "6.1"]
[White "Giri, Anish"]
[Black "Le, Quang Liem"]
[Result "0-1"]
[WhiteTitle "GM"]
[BlackTitle "GM"]
[WhiteElo "2760"]
[BlackElo "2728"]
[WhiteFideId "24116068"]
[BlackFideId "12401137"]
[EventDate "2022.08.15"]

1. e4 e5 2. Nf3 Nc6 3. Bc4 Nf6 4. d3 Bc5 5. O-O d6 6. c3 O-O 7. Nbd2 a5 8. h3
Be6 9. Bb5 Ba7 10. Re1 Ne7 11. d4 Ng6 12. Ba4 exd4 13. cxd4 d5 14. e5 Nh5 15.
Nf1 Nhf4 16. Bxf4 Nxf4 17. Qd2 Ng6 18. Bc2 c5 19. Rad1 Rc8 20. Ng3 cxd4 21. Bd3
Re8 22. Ng5 Bd7 23. f4 f6 24. e6 Ba4 25. Nxh7 Bxd1 26. Bxg6 Bc2 27. f5 Qd6 28.
Nh5 Qb4 29. N5xf6+ Kh8 30. Ng5 gxf6 31. Nf7+ Kg8 32. Qf2 d3 33. Qxa7 Qxe1+ 34.
Kh2 Re7 35. Qd4 Kg7 36. Bh5 Rxf7 37. Qg4+ Kf8 38. exf7 Qe5+ 39. Kh1 Ke7 40.
f8=Q+ Kxf8 41. Qg6 Rc7 42. Qh6+ Ke7 43. Qg7+ Kd6 44. Qf8+ Kc6 45. b4 Qe7 46. Qa8
Qxb4 0-1

[Event "FTX Crypto Cup 2022"]
[Site "Miami USA"]
[Date "2022.08.20"]
[Round "6.2"]
[White "Aronian, Levon"]
[Black "Niemann, Hans Moke"]
[Result "1-0"]
[WhiteTitle "GM"]
[BlackTitle "GM"]
[WhiteElo "2775"]
[BlackElo "2687"]
[WhiteFideId "13300474"]
[BlackFideId "2093596"]
[EventDate "2022.08.15"]

1. d4 Nf6 2. Nf3 d5 3. Bf4 g6 4. e3 Bg7 5. Nbd2 O-O 6. c3 b6 7. Be2 Bb7 8. O-O
c5 9. Qb1 Nc6 10. b4 cxb4 11. cxb4 Nh5 12. Bg5 h6 13. Bh4 g5 14. b5 Na5 15. Ne5
gxh4 16. Bxh5 Bxe5 17. dxe5 e6 18. f4 Rc8 19. Nf3 Nc4 20. f5 Nxe3 21. fxe6 f5
22. Qb4 Rc7 23. Rac1 Nc4 24. Nd4 h3 25. g3 Kh7 26. Nxf5 d4 27. e7 Qd5 28. Bf3 1-0

[Event "FTX Crypto Cup 2022"]
[Site "Miami USA"]
[Date "2022.08.20"]
[Round "6.2"]
[White "Le, Quang Liem"]
[Black "Giri, Anish"]
[Result "1-0"]
[WhiteTitle "GM"]
[BlackTitle "GM"]
[WhiteElo "2728"]
[BlackElo "2760"]
[WhiteFideId "12401137"]
[BlackFideId "24116068"]
[EventDate "2022.08.15"]

1. Nf3 d5 2. d4 Nf6 3. c4 c6 4. Nc3 dxc4 5. a4 e6 6. e3 c5 7. Bxc4 Nc6 8. O-O
cxd4 9. exd4 Be7 10. Qe2 O-O 11. Be3 b6 12. Rad1 Nb4 13. Ne5 Bb7 14. f4 g6 15.
f5 exf5 16. Bh6 Nfd5 17. Bxf8 Bxf8 18. Rfe1 Rc8 19. Bb3 Rc7 20. Qf2 a6 21. Rc1
Bh6 22. Nxd5 Bxd5 23. Rxc7 Qxc7 24. Bxd5 Nxd5 25. Kh1 Kg7 26. Qe2 Qc8 27. Qc4
Qxc4 28. Nxc4 b5 29. axb5 axb5 30. Nd6 Be3 31. Ne8+ Kf8 32. Nf6 Nxf6 33. Rxe3
Ne4 34. Ra3 Ke7 35. Ra6 Nf2+ 36. Kg1 Nd3 37. b3 Nc1 38. Kf2 f4 39. Kf3 Nxb3 40.
Ke4 Nd2+ 41. Kxf4 b4 42. Rb6 b3 43. h3 Kd7 44. Rb4 Kc6 45. Ke3 Nf1+ 46. Kd3 Ng3
47. Rxb3 Nf5 48. Ke4 f6 49. d5+ Kc5 50. Rc3+ Kd6 51. Rc6+ Ke7 52. g4 Nd6+ 53.
Kd4 Kd7 54. Ra6 1-0

[Event "FTX Crypto Cup 2022"]
[Site "Miami USA"]
[Date "2022.08.20"]
[Round "6.2"]
[White "Duda, Jan-Krzysztof"]
[Black "Praggnanandhaa, R"]
[Result "1/2-1/2"]
[WhiteTitle "GM"]
[BlackTitle "GM"]
[WhiteElo "2740"]
[BlackElo "2661"]
[WhiteFideId "1170546"]
[BlackFideId "25059530"]
[EventDate "2022.08.15"]

1. d4 Nf6 2. c4 e6 3. Nf3 d5 4. Nc3 c5 5. cxd5 Nxd5 6. e4 Nxc3 7. bxc3 cxd4 8.
cxd4 Bb4+ 9. Bd2 Bxd2+ 10. Qxd2 O-O 11. Bc4 Nd7 12. O-O b6 13. Rfe1 Bb7 14. Rad1
Rc8 15. Bb3 Re8 16. h3 h6 17. d5 exd5 18. exd5 Nc5 19. d6 Bxf3 20. Rxe8+ Qxe8
21. gxf3 Qc6 22. Bd5 Qd7 23. Qf4 Rd8 24. Kg2 Kh8 25. Qxf7 Qxd6 26. Bb3 Qb8 27.
Re1 Rf8 28. Qg6 Qb7 29. Bd1 Qf7 30. Qxf7 Rxf7 31. Re8+ Kh7 32. Bc2+ g6 33. f4
Kg7 34. Kg3 Rd7 35. Rc8 Rf7 36. h4 Rf8 37. Rxf8 Kxf8 38. f5 gxf5 39. Kf4 Ne6+
40. Ke5 Ke7 41. Bxf5 Nc7 42. Bd3 b5 43. f4 a5 44. f5 b4 45. f6+ Kf8 46. Bc4 a4
47. Kf5 Ne8 48. Kg6 Nd6 49. Bd5 Nb5 50. Kxh6 Nc3 51. Be6 Nxa2 52. h5 b3 53. Kg6
Nb4 54. h6 b2 55. Bf5 Nc6 56. h7 Ne5+ 57. Kh5 Nf7 58. Bb1 Nh8 59. Kg5 Nf7+ 60.
Kf5 Nh8 61. Ba2 Ke8 62. Kg5 Kf8 63. Kh6 a3 64. Kg5 Ke8 65. Kf4 Kf8 66. Kf5 Ke8
67. Kg5 Kf8 68. Kh6 Nf7+ 69. Bxf7 Kxf7 70. h8=Q b1=Q 71. Qg7+ Ke6 72. Qe7+ Kd5
73. Qxa3 Qh1+ 74. Kg7 Qg2+ 75. Kf7 Ke5 76. Qc5+ Kf4 77. Kf8 Qa8+ 78. Ke7 Qb7+
79. Ke6 Qe4+ 80. Kd7 Qh7+ 81. Kd6 Qd3+ 82. Qd5 Qa3+ 83. Kd7 Qa7+ 84. Ke6 Qe3+
85. Kf7 Qa7+ 86. Kg8 Qb8+ 87. Kg7 Qb2 88. Kf7 Qa1 89. Qc4+ Kg5 90. Qc5+ Kh6 91.
Qe3+ Kh5 92. Ke7 Kg6 93. Qe4+ Kh6 94. Qe3+ Kg6 95. Qe4+ Kh6 96. Qh4+ Kg6 97.
Qg4+ Kh6 98. Qh3+ Kg6 99. Qg2+ Kh6 100. Qh2+ Kg6 101. Qg3+ Kh6 102. f7 Qa7+ 103.
Ke6 Qa2+ 104. Kf6 Qa6+ 105. Ke5 Qa5+ 106. Ke4 Qa8+ 107. Kf5 Qc8+ 108. Kf6 Qa6+
109. Ke7 Qa7+ 110. Ke8 Qa8+ 111. Kd7 Qa7+ 112. Ke6 Qa2+ 113. Kf6 Qa6+ 1/2-1/2

[Event "FTX Crypto Cup 2022"]
[Site "Miami USA"]
[Date "2022.08.20"]
[Round "6.3"]
[White "Praggnanandhaa, R"]
[Black "Duda, Jan-Krzysztof"]
[Result "1/2-1/2"]
[WhiteTitle "GM"]
[BlackTitle "GM"]
[WhiteElo "2661"]
[BlackElo "2740"]
[WhiteFideId "25059530"]
[BlackFideId "1170546"]
[EventDate "2022.08.15"]

1. Nf3 d5 2. g3 g6 3. Bg2 Bg7 4. O-O e5 5. d3 Ne7 6. c4 c6 7. e4 dxe4 8. dxe4
Qxd1 9. Rxd1 Be6 10. b3 f6 11. Nc3 Na6 12. Be3 Kf7 13. Ne1 g5 14. a4 Ng6 15. a5
Bf8 16. Nd3 Be7 17. Na4 Nc7 18. Rd2 Rhd8 19. Rad1 Na6 20. Bf3 g4 21. Be2 f5 22.
exf5 Bxf5 23. Ndc5 Rxd2 24. Rxd2 Nxc5 25. Nxc5 b6 26. axb6 axb6 27. Na4 b5 28.
cxb5 cxb5 29. Bxb5 Be6 30. Rb2 e4 31. Bc6 Rb8 32. Nb6 Bd8 33. Nd7 Rxb3 34. Rxb3
Bxb3 35. Bxe4 Be6 36. Nc5 Bc4 37. Bf5 h5 38. Ne4 Ne5 39. Nd6+ Kf6 40. Be4 Be2
41. Bd4 Ke6 42. Nf5 Nf3+ 43. Bxf3 Bxf3 44. Ng7+ Kd5 45. Be3 h4 46. Nh5 h3 47.
Nf4+ Ke4 48. Ne6 Ba5 49. Ng5+ Kf5 50. Nxf3 gxf3 51. Kf1 Kg4 52. Bc5 Bc3 1/2-1/2

[Event "FTX Crypto Cup 2022"]
[Site "Miami USA"]
[Date "2022.08.20"]
[Round "6.3"]
[White "Giri, Anish"]
[Black "Le, Quang Liem"]
[Result "1/2-1/2"]
[WhiteTitle "GM"]
[BlackTitle "GM"]
[WhiteElo "2760"]
[BlackElo "2728"]
[WhiteFideId "24116068"]
[BlackFideId "12401137"]
[EventDate "2022.08.15"]

1. Nf3 d5 2. g3 c6 3. Bg2 Bg4 4. h3 Bh5 5. d4 Nd7 6. c4 e6 7. Nc3 dxc4 8. O-O
Ngf6 9. b3 cxb3 10. Qxb3 Qb6 11. Qa4 Bg6 12. Nh4 Qb4 13. Nxg6 Qxa4 14. Nxa4 hxg6
15. Rb1 O-O-O 16. e4 Nb6 17. Nxb6+ axb6 18. Be3 b5 19. Rfc1 b4 20. g4 Be7 21. g5
Nd7 22. d5 Nb8 23. f4 Kc7 24. Bd4 f6 25. a3 bxa3 26. Bb6+ Kc8 27. Bxd8 Rxd8 28.
gxf6 gxf6 29. f5 e5 30. fxg6 Rg8 31. Bf3 Rxg6+ 32. Bg4+ Kc7 33. Kf2 Na6 34. Kf3
Rg8 35. dxc6 bxc6 36. Be6 Rh8 37. Rg1 Nc5 38. Bf5 Ra8 39. Rg2 Bf8 40. h4 Bh6 41.
Ra2 Bf8 42. h5 Na4 43. Rd2 Nc5 44. Ra2 Na4 45. Rc2 Rd8 46. Be6 Nc5 47. Bc4 Rd4
48. Re1 Bh6 49. Ree2 Kd6 50. Ba2 f5 51. exf5 Rf4+ 52. Kg3 Rxf5 53. Kg4 Rf4+ 54.
Kg3 Rf5 55. Re1 e4 56. Rh1 Rf3+ 57. Kg2 Nd3 58. Rd1 Kc7 59. Bd5 Nf4+ 60. Kg1
Rg3+ 61. Kf1 Rf3+ 62. Kg1 Rg3+ 63. Kf1 Rf3+ 64. Kg1 1/2-1/2

[Event "FTX Crypto Cup 2022"]
[Site "Miami USA"]
[Date "2022.08.20"]
[Round "6.3"]
[White "Firouzja, Alireza"]
[Black "Carlsen, Magnus"]
[Result "1/2-1/2"]
[WhiteTitle "GM"]
[BlackTitle "GM"]
[WhiteElo "2778"]
[BlackElo "2864"]
[WhiteFideId "12573981"]
[BlackFideId "1503014"]
[EventDate "2022.08.15"]

1. e4 c5 2. Nf3 Nc6 3. Bb5 e5 4. c3 a6 5. Bc4 Nf6 6. d3 Be7 7. a4 O-O 8. O-O Rb8
9. Re1 b5 10. Bd5 Qc7 11. Nbd2 d6 12. axb5 axb5 13. Nf1 Nxd5 14. exd5 Na7 15. d4
exd4 16. cxd4 c4 17. Bf4 Bf5 18. Ng3 Bd3 19. Nd2 b4 20. Nde4 Qd7 21. Qh5 f5 22.
Nxd6 Bxd6 23. Bxd6 Qxd6 24. Rxa7 Qh6 25. Qd1 Rfe8 26. Rae7 Rxe7 27. Rxe7 Qd6 28.
Re5 b3 29. Qe1 h6 30. h4 Qb4 31. Qe3 f4 32. Qxf4 c3 33. Re7 Qxe7 34. Qxb8+ Qf8
35. Qxb3 c2 36. Ne2 Bxe2 37. d6+ Kh8 38. Qxc2 Bb5 39. Qc5 Bd7 40. b4 Qe8 41. Qe5
Qg6 42. Kh2 Qb1 43. Qe7 Qf5 44. Kg1 Qb1+ 45. Kh2 Qf5 46. Kg1 Qb1+ 47. Kh2 1/2-1/2

[Event "FTX Crypto Cup 2022"]
[Site "Miami USA"]
[Date "2022.08.20"]
[Round "6.3"]
[White "Niemann, Hans Moke"]
[Black "Aronian, Levon"]
[Result "1/2-1/2"]
[WhiteTitle "GM"]
[BlackTitle "GM"]
[WhiteElo "2687"]
[BlackElo "2775"]
[WhiteFideId "2093596"]
[BlackFideId "13300474"]
[EventDate "2022.08.15"]

1. c4 e5 2. Nc3 Bb4 3. Nd5 Be7 4. d4 exd4 5. Qxd4 Nf6 6. Nxe7 Qxe7 7. Bg5 Nc6 8.
Qc3 Ne5 9. Nf3 d6 10. Nxe5 dxe5 11. f3 Bd7 12. e3 Bc6 13. Bh4 a5 14. Be2 Ne4 15.
Bxe7 Nxc3 16. Ba3 Nxe2 17. Kxe2 f6 18. Rad1 Kf7 19. e4 Rhd8 20. Rxd8 Rxd8 21.
Rd1 Rxd1 22. Kxd1 Bd7 23. Ke2 b6 24. b3 c5 25. Bc1 g5 26. g4 Ke6 27. a4 Be8 28.
Kf2 Bd7 29. Kg3 Be8 30. h4 h6 31. h5 Bd7 32. Bd2 Be8 33. Bc1 Bd7 34. Bd2 Be8 35.
Bc1 1/2-1/2

[Event "FTX Crypto Cup 2022"]
[Site "Miami USA"]
[Date "2022.08.20"]
[Round "6.4"]
[White "Duda, Jan-Krzysztof"]
[Black "Praggnanandhaa, R"]
[Result "0-1"]
[WhiteTitle "GM"]
[BlackTitle "GM"]
[WhiteElo "2740"]
[BlackElo "2661"]
[WhiteFideId "1170546"]
[BlackFideId "25059530"]
[EventDate "2022.08.15"]

1. c4 e5 2. Nc3 Nf6 3. e3 Bb4 4. Nge2 O-O 5. a3 Be7 6. d4 exd4 7. Qxd4 a5 8. Nf4
Na6 9. Be2 Nc5 10. Qd1 a4 11. O-O c6 12. Bd2 Re8 13. Qc2 d6 14. Rad1 Bf8 15. Nb1
g6 16. Bc3 Bf5 17. Nd3 Nfe4 18. Bb4 Qg5 19. Nd2 Nxd2 20. Qxd2 Be4 21. g3 Nb3 22.
Qe1 Rad8 23. Bc3 d5 24. cxd5 cxd5 25. Ne5 Re6 26. Bd3 Bxd3 27. Nxd3 d4 28. Nf4
Ree8 29. Bb4 dxe3 30. Rxd8 Qxd8 31. fxe3 Bxb4 32. Qxb4 Nd2 33. Rc1 Rxe3 34. Kh1
Nf3 35. Kg2 Rb3 36. Qc4 Qd2+ 37. Ne2 Re3 38. Rc3 Qxe2+ 39. Qxe2 Rxe2+ 40. Kxf3
Rxb2 41. Rc7 Rxh2 42. Rxb7 Ra2 43. Kf4 Rxa3 44. g4 Ra1 0-1

[Event "FTX Crypto Cup 2022"]
[Site "Miami USA"]
[Date "2022.08.20"]
[Round "6.4"]
[White "Aronian, Levon"]
[Black "Niemann, Hans Moke"]
[Result "1-0"]
[WhiteTitle "GM"]
[BlackTitle "GM"]
[WhiteElo "2775"]
[BlackElo "2687"]
[WhiteFideId "13300474"]
[BlackFideId "2093596"]
[EventDate "2022.08.15"]

1. d4 Nf6 2. Nf3 d5 3. Bf4 g6 4. e3 Bg7 5. c3 O-O 6. Nbd2 b6 7. Be2 Bb7 8. h4 h6
9. Ne5 Nfd7 10. Ndf3 Nxe5 11. Bxe5 Nd7 12. Bxg7 Kxg7 13. Qa4 c5 14. h5 g5 15.
Bb5 Nf6 16. Ne5 a6 17. Be2 b5 18. Qc2 cxd4 19. exd4 Ne4 20. f3 Nd6 21. f4 e6 22.
O-O f5 23. a4 Nc4 24. axb5 axb5 25. Rxa8 Bxa8 26. Ra1 gxf4 27. Ng6 Ne3 28. Nxf8
Nxc2 29. Nxe6+ Kf6 30. Nxd8 Nxa1 31. Bxb5 Nb3 32. Be8 Nd2 33. Bg6 Nc4 34. Nf7
Nxb2 35. Nxh6 Nd1 36. Ng8+ Kg7 37. Ne7 Nxc3 38. Kf2 Ne4+ 39. Kf3 Kf6 40. h6 Ng5+
41. Kxf4 Ne6+ 42. Kg3 Nf8 43. Bxf5 Kxe7 44. h7 Nxh7 45. Bxh7 Kf6 46. Kf4 Bc6 47.
g4 Ba4 48. g5+ Kg7 49. Bf5 Bc6 50. Ke5 Bb7 51. Be6 Kg6 52. Bxd5 Ba6 53. Kf4 1-0

[Event "FTX Crypto Cup 2022"]
[Site "Miami USA"]
[Date "2022.08.20"]
[Round "6.4"]
[White "Carlsen, Magnus"]
[Black "Firouzja, Alireza"]
[Result "1/2-1/2"]
[WhiteTitle "GM"]
[BlackTitle "GM"]
[WhiteElo "2864"]
[BlackElo "2778"]
[WhiteFideId "1503014"]
[BlackFideId "12573981"]
[EventDate "2022.08.15"]

1. d4 Nf6 2. c4 e6 3. Nf3 d5 4. g3 dxc4 5. Bg2 a6 6. O-O Nc6 7. Bg5 Be7 8. e3
Nd5 9. Bxe7 Ncxe7 10. Ne5 b5 11. b3 cxb3 12. axb3 O-O 13. Nd3 Bb7 14. Qd2 Qc8
15. Nc5 Bc6 16. Rc1 Rd8 17. Nc3 Nxc3 18. Bxc6 Nxc6 19. Qxc3 Ne7 20. Nd3 c6 21.
Qc5 Qb7 22. Ra5 h6 23. Qa3 Nd5 24. Nc5 Qb6 25. Rxa6 Rxa6 26. Qxa6 Qxa6 27. Nxa6
Rc8 28. Kg2 Kf8 29. Kf3 Ke7 30. e4 Nb6 31. Nb4 Kd6 32. e5+ Kd7 33. Ke2 Nd5 34.
Nxd5 cxd5 35. Rxc8 Kxc8 36. Kf3 Kd7 37. Kg4 Ke7 38. Kh5 Kf8 39. f4 Kg8 40. Kg4
b4 41. f5 g6 42. f6 Kf8 43. Kh4 Kg8 44. g4 Kf8 45. g5 h5 46. Kg3 Ke8 47. h4 Kd7
48. Kh2 Kc6 49. Kh1 Kc7 50. Kh2 Kc6 51. Kh1 Kc7 52. Kh2 Kc6 1/2-1/2

[Event "FTX Crypto Cup 2022"]
[Site "Miami USA"]
[Date "2022.08.20"]
[Round "6.5"]
[White "Praggnanandhaa, R"]
[Black "Duda, Jan-Krzysztof"]
[Result "0-1"]
[WhiteTitle "GM"]
[BlackTitle "GM"]
[WhiteElo "2661"]
[BlackElo "2740"]
[WhiteFideId "25059530"]
[BlackFideId "1170546"]
[EventDate "2022.08.15"]

1. Nf3 d5 2. g3 g6 3. Bg2 Bg7 4. O-O Nf6 5. c4 c6 6. cxd5 cxd5 7. Ne5 O-O 8. d4
Ng4 9. Bf4 Nxe5 10. Bxe5 Bxe5 11. dxe5 Nc6 12. Qxd5 Qxd5 13. Bxd5 Bh3 14. Rc1
Nxe5 15. Nc3 Rfd8 16. Rd1 Rac8 17. f3 b6 18. Bb7 Rb8 19. Ba6 h5 20. Kf2 Kf8 21.
Rac1 Be6 22. b3 Nc6 23. Bb5 Nd4 24. Ba6 Nc6 25. Bb5 Nb4 26. Rxd8+ Rxd8 27. a3 a6
28. axb4 axb5 29. Nxb5 Bxb3 30. Rc6 Rb8 31. Rc7 Ba4 32. Nc3 Bb3 33. Ke3 f6 34.
Nb5 Ke8 35. Nd4 Bd5 36. Kd3 Kd8 37. Ra7 Rc8 38. e4 Bc4+ 39. Kd2 b5 40. Ra5 Bf1
41. Nxb5 Bg2 42. Ke3 Rc1 43. Ra8+ Kd7 44. Ra7+ Kd8 45. Nd4 e5 46. Ne6+ Kc8 47.
Nc5 Rc3+ 48. Kf2 Bxf3 49. Ra6 Kb8 50. Rb6+ Ka7 51. Ra6+ Kb8 52. Rxf6 Bg4 53.
Rxg6 Rc2+ 54. Ke3 Rxh2 55. Nd3 Re2# 0-1

[Event "FTX Crypto Cup 2022"]
[Site "Miami USA"]
[Date "2022.08.20"]
[Round "6.6"]
[White "Duda, Jan-Krzysztof"]
[Black "Praggnanandhaa, R"]
[Result "1-0"]
[WhiteTitle "GM"]
[BlackTitle "GM"]
[WhiteElo "2740"]
[BlackElo "2661"]
[WhiteFideId "1170546"]
[BlackFideId "25059530"]
[EventDate "2022.08.15"]

1. d4 Nf6 2. Bg5 d5 3. Nd2 c5 4. Bxf6 gxf6 5. dxc5 e5 6. e3 Bxc5 7. a3 Nc6 8. c4
d4 9. Nb3 Bb6 10. c5 dxe3 11. Qxd8+ Bxd8 12. fxe3 Be7 13. Rc1 Be6 14. Bc4 Rg8
15. Kf2 a5 16. Nf3 a4 17. Nbd2 Ra5 18. Ne4 f5 19. Nd6+ Bxd6 20. cxd6 Kd7 21.
Rhd1 f6 22. Nd2 Rd8 23. b4 Raa8 24. Bb5 Kxd6 25. Ne4+ Ke7 26. Nc5 Rxd1 27. Rxd1
Nd8 28. Nxe6 Kxe6 29. Bd7+ Ke7 30. Bxf5 Ne6 31. Bxh7 Rc8 32. h4 Rc3 33. Rd3 Rc2+
34. Kf3 Rc1 35. Bf5 Nf8 36. g4 Rh1 37. h5 Ne6 38. Rc3 Ng5+ 39. Kg2 Ra1 40. h6
Ra2+ 41. Kg3 Ra1 42. h7 Rh1 43. Kg2 Rh4 44. Rc7+ 1-0

[Event "FTX Crypto Cup 2022"]
[Site "Miami USA"]
[Date "2022.08.20"]
[Round "6.6"]
[White "Firouzja, Alireza"]
[Black "Carlsen, Magnus"]
[Result "1/2-1/2"]
[WhiteTitle "GM"]
[BlackTitle "GM"]
[WhiteElo "2778"]
[BlackElo "2864"]
[WhiteFideId "12573981"]
[BlackFideId "1503014"]
[EventDate "2022.08.15"]

1. e4 c5 2. Nf3 Nc6 3. Bb5 e5 4. O-O Bd6 5. c3 a6 6. Ba4 b5 7. Bc2 Nge7 8. Re1
O-O 9. a4 Rb8 10. d3 Ng6 11. Be3 Be7 12. Nbd2 d6 13. axb5 axb5 14. Bb3 Be6 15.
Bd5 Qd7 16. Ra6 Bxd5 17. exd5 Nd8 18. Qb3 f5 19. Bxc5 dxc5 20. d6+ c4 21. Nxc4
bxc4 22. Qxb8 Nf7 23. Qb4 Nxd6 24. Nxe5 Nxe5 25. Rxe5 cxd3 26. Qd4 Rd8 27. Qxd3
Ne4 28. Qxd7 Rxd7 29. g4 h5 30. gxf5 Ng5 31. Kg2 h4 32. h3 Bf6 33. Re2 Rd5 34.
c4 Rxf5 35. b4 Rf4 36. Rc6 Nf3 37. b5 Nd4 38. Rc8+ Kh7 39. Re3 Nc2 40. Re2 Nd4
41. Ree8 Nf5 42. Re1 Bd4 43. Re2 Nd6 44. Rc6 Nf7 45. b6 Ne5 46. Rc8 Bxb6 47. c5
Bxc5 48. Rxc5 Nd7 49. Rg5 Kh6 50. Rg4 Rxg4+ 51. hxg4 Kg5 52. Kf3 Kf6 53. Ra2
Ne5+ 54. Kf4 g5+ 55. Ke4 Nxg4 56. Ra6+ Kg7 57. Kf5 Nxf2 58. Ra2 Nh3 59. Ra7+ Kh6
60. Ra6+ Kh5 61. Ra8 Kh6 62. Rh8+ Kg7 63. Rh5 Kf7 64. Rh7+ Ke8 65. Rh6 Nf4 66.
Kxg5 Nd5 67. Kf5 Kd7 68. Ke5 Nc7 69. Rxh4 Kc6 70. Rc4+ Kd7 71. Rc1 Nb5 72. Rb1
Kc6 73. Rh1 Nc7 74. Rh8 Kd7 75. Rh7+ Kc6 76. Rh6+ Kd7 77. Rb6 Ne8 78. Rb7+ Nc7 1/2-1/2

[Event "FTX Crypto Cup 2022"]
[Site "Miami USA"]
[Date "2022.08.21"]
[Round "7.1"]
[White "Le, Quang Liem"]
[Black "Niemann, Hans Moke"]
[Result "1-0"]
[WhiteTitle "GM"]
[BlackTitle "GM"]
[WhiteElo "2728"]
[BlackElo "2687"]
[WhiteFideId "12401137"]
[BlackFideId "2093596"]
[EventDate "2022.08.15"]

1. d4 Nf6 2. c4 e6 3. Nc3 Bb4 4. Nf3 b6 5. e3 O-O 6. Bd3 d5 7. O-O Ba6 8. cxd5
exd5 9. Bxa6 Nxa6 10. Qa4 Qc8 11. Bd2 Qb7 12. Rac1 Bd6 13. Rfd1 c6 14. a3 Rfc8
15. h3 Nc7 16. Ne2 Ne6 17. Bb4 c5 18. dxc5 bxc5 19. Bc3 Ne4 20. Qc2 Bc7 21. Be5
Bxe5 22. Nxe5 Rab8 23. Nd3 c4 24. Nb4 Rc5 25. Rb1 h6 26. Nc3 Nf6 27. Qe2 d4 28.
exd4 Rg5 29. g3 Nf4 30. Qf1 N6h5 31. d5 Nxg3 32. fxg3 Rxg3+ 33. Kf2 Rxh3 34.
Qxc4 Rh4 35. Rd4 g5 36. Qc6 Qe7 37. Re4 Qf8 38. d6 Rb6 39. Re8 Nd3+ 40. Kg3 Rxc6
41. Rxf8+ Kxf8 42. Nxc6 Nc5 43. Re1 1-0

[Event "FTX Crypto Cup 2022"]
[Site "Miami USA"]
[Date "2022.08.21"]
[Round "7.1"]
[White "Carlsen, Magnus"]
[Black "Praggnanandhaa, R"]
[Result "1/2-1/2"]
[WhiteTitle "GM"]
[BlackTitle "GM"]
[WhiteElo "2864"]
[BlackElo "2661"]
[WhiteFideId "1503014"]
[BlackFideId "25059530"]
[EventDate "2022.08.15"]

1. Nf3 d5 2. g3 c5 3. Bg2 Nc6 4. d4 e6 5. O-O cxd4 6. Nxd4 Bc5 7. Nxc6 bxc6 8.
c4 Nf6 9. Qc2 Qe7 10. Nc3 O-O 11. Bf4 Ba6 12. Na4 Bb4 13. a3 Bd6 14. Bxd6 Qxd6
15. Rfd1 Qe7 16. b3 Rab8 17. Qc3 dxc4 18. bxc4 c5 19. Rd3 h6 20. Rad1 Rfc8 21.
Rd6 Bb7 22. Qe3 Bxg2 23. Kxg2 Qc7 24. Nxc5 Ne8 25. Nxe6 Qb7+ 26. R6d5 fxe6 27.
Qxe6+ Kh8 28. Qe4 Qc6 29. R1d4 Qa8 30. Re5 Qxe4+ 31. Rexe4 Rc7 32. Re5 Nf6 33.
f3 Rbc8 34. Ra5 Nd7 35. Kf2 Nc5 36. Rd5 a6 37. g4 Rc6 38. h4 Kg8 39. Rf5 R8c7
40. h5 Nb7 41. Rad5 Rxc4 42. Rfe5 R4c5 43. Rxc5 Nxc5 44. f4 Kf7 45. Kf3 Nb7 46.
Rd5 Ke6 47. Re5+ Kd6 48. e3 Nc5 49. g5 Ne6 50. gxh6 gxh6 51. Rf5 Ke7 52. Kg4 Rc3
53. Re5 Kf6 54. Rf5+ Kg7 55. Re5 Kf7 56. Rf5+ Ke7 57. Re5 Rc5 58. Re4 Kf6 59.
Ra4 a5 60. e4 Nc7 61. Rd4 Ne6 62. Rd7 Nxf4 63. Kxf4 Rxh5 64. Rd6+ Ke7 65. Ra6
Rh4+ 66. Ke5 Rh5+ 67. Kd4 Rb5 68. e5 h5 69. Rh6 Rb3 70. a4 h4 71. Kd5 Rd3+ 72.
Ke4 Ra3 73. Kf5 Rf3+ 74. Ke4 Ra3 75. Kf5 Rf3+ 76. Ke4 Ra3 1/2-1/2

[Event "FTX Crypto Cup 2022"]
[Site "Miami USA"]
[Date "2022.08.21"]
[Round "7.2"]
[White "Niemann, Hans Moke"]
[Black "Le, Quang Liem"]
[Result "1-0"]
[WhiteTitle "GM"]
[BlackTitle "GM"]
[WhiteElo "2687"]
[BlackElo "2728"]
[WhiteFideId "2093596"]
[BlackFideId "12401137"]
[EventDate "2022.08.15"]

1. e4 e5 2. Nf3 Nc6 3. Bc4 Nf6 4. d3 Bc5 5. Nc3 a6 6. a4 d6 7. Be3 O-O 8. Bxc5
dxc5 9. h3 b6 10. O-O Qd6 11. Nd2 Bd7 12. Ba2 Nb4 13. Nc4 Qe7 14. Bb3 Be6 15.
Ra3 Nc6 16. Ne3 Bxb3 17. Rxb3 Nd4 18. Ra3 c6 19. Ne2 g6 20. Qd2 Rad8 21. Nxd4
Rxd4 22. Qe2 Rfd8 23. Raa1 Nh5 24. g3 Ng7 25. b3 Ne6 26. Rae1 Qc7 27. Qg4 b5 28.
axb5 axb5 29. f4 exf4 30. gxf4 Ng7 31. Qg5 Qb6 32. Kh1 c4 33. bxc4 bxc4 34. Nxc4
Rxc4 35. dxc4 Qd4 36. f5 Re8 37. f6 Ne6 38. Qe3 Qxc4 39. Rf2 Qb5 40. e5 Qb4 41.
Rd1 g5 42. Rg1 Kh8 43. Rg4 Qb1+ 44. Kh2 Ra8 45. Rd2 Qf1 46. Rxg5 Ra3 47. Qxa3
Qf4+ 48. Kh1 Qxd2 49. Rg2 Qe1+ 50. Kh2 Qxe5+ 51. Qg3 Qxg3+ 52. Kxg3 Kg8 53. Rd2
h6 54. Kg4 c5 55. c3 Ng5 56. Re2 Kh7 57. h4 Ne6 58. Kf5 1-0